00755nam a2200241Ia 4500008004100000020001800041050001600059050001400075100002700089245003100116245004300147260001700190260002500207260000900232300001600241300002000257300001100277650003000288650002700318650002800345999001900373952012100392160319s9999 xx 000 0 und d a971-08-6511-0 aFIL LB 1051 b.Z85 2004 aZulueta, Francisco M.  aFoundations of education / cFrancisco M. Zulueta, Elda M. Maglaya. aMandaluyong: bNational Book Store, c2004 a458 pages : billustrations ; c22 cm. aEducational anthropology. aEducational sociology. xEducational psychology. c291621d291621 001040aSMCbSMCcFILd0000-00-00g395.00l0oFIL LB 1051 .Z85 2004pSMC00013r2016-03-19 00:00:00w2016-03-19yBK